Pojęcia psychologiczne #1 - Statystyki

Ogólne statystyki
  • Ten quiz został rozwiązany 43 razy
  • Średni wynik to 5 z 10
Statystyki odpowiedzi
Opis Nazwa pojęcia % Poprawnych
Trudność z koncentracją, impulsywność i nadmierna ruchliwość. ADHD
84%
Trudności z czytaniem i pisaniem, niezwiązane z inteligencją. dysleksja
70%
Zaburzenie charakteryzujące się trudnościami w komunikacji społecznej oraz obecnością ograniczonych i powtarzalnych wzorców zachowań. autyzm
68%
Zaburzenie rozumienia lub tworzenia mowy spowodowane uszkodzeniem mózgu. afazja
46%
Jest to lęk przed przebywaniem na otwartej przestrzeni, wyjściem z domu, wejściem do dużego sklepu, tłumem, miejscami publicznymi, samotnym podróżowaniem. agorafobia
46%
Jedno zmysłowe wrażenie automatycznie wywołuje inne, np. dźwięki mają kolory. synestezja
46%
Obniżona zdolność odczuwania przyjemności. anhedonia
38%
Mechaniczne powtarzanie słów i zwrotów wypowiadanych przez inną osobę. echolalia
30%
Trudność w rozpoznawaniu i nazywaniu własnych emocji. aleksytymia
27%
Trudności z planowaniem i wykonywaniem ruchów, mimo że mięśnie działają prawidłowo. dyspraksja
14%
Nie znaleziono quizów pasujących do podanych kryteriów
Rozkład punktacji
Procent ludzi z każdym wynikiem
Percentyl według liczby udzielonych odpowiedzi
Twoja historia wyników
Nie rozwiązałeś tego quizu